000 01441nam a22002297a 4500
001 8680
003 FISKH
005 20251010084841.0
008 251010b cb ||||| |||| 00| 0 eng d
020 _a9781107655133
040 _aFISKH
_beng
_cFISKH
_dFISKH
082 _a370
100 _aLinse, Caroline
245 _aCambridge global English activity book stage 1 /
_cCaroline Linse and Elly Schottman
260 _aNew York :
_bCambridge,
_c2014.
300 _a111 pages :
_bcolor illustrations ;
_c28 cm
520 _aThe Activity Book complements the Stage 1 Learner's Book by providing additional practice activities that reinforce language skills and content introduced in the Learner's Book. It contains nine thematic units, each corresponding with the topics, texts, and language input of the Learner's Book. Each lesson in the Learner's Book is supported by two pages in the Activity Book. Learning is reinforced through activities framed within the 'I can' objectives of the course, opportunities for personalization and creative work, and a higher level of challenge to support differentiation. Each unit ends with a quiz, offering more in-depth assessment for learners. The book is aligned with the Common European Framework of Reference (CEFR) at a level towards A1.
650 _aLanguage Learning
_vActivity Book
_xCambridge Curriculum
700 _aSchottman, Elly
_eAuthor
942 _2ddc
_cBK
_n0
999 _c8680
_d8680